[Event "Oberliga Ost B"]
[Site "?"]
[Date "2023.02.05"]
[Round "7.3"]
[White "Heinatz, Thomas"]
[Black "Philipp, Michael"]
[Result "1/2-1/2"]
[WhiteElo "2253"]
[BlackElo "2155"]
[PlyCount "139"]
[EventDate "2022.09.18"]
[EventType "team-tourn"]
[EventCountry "GER"]
[WhiteTeam "Schoeneck SF"]
[BlackTeam "Weimar SV Vimaria"]
[WhiteTeamCountry "GER"]
[BlackTeamCountry "GER"]

1. e4 c5 2. Nc3 Nc6 3. Bb5 Nd4 4. Nf3 Nxb5 5. Nxb5 Nf6 6. e5 Nd5 7. Ng5 h6 8. Nxf7 Kxf7 9. Qf3+ Nf6 10. exf6 exf6 11. Qd5+ Kg6 12. O-O Qb6 13. c4 Qc6 14. Qd3+ Kf7 15. Re1 b6 16. Nc3 Bb7 17. Nd5 Bd6 18. b3 Rhe8 19. Bb2 Re6 20. Re3 Rae8 21. f4 Rxe3 22. dxe3 Bb8 23. Bxf6 Qe6 24. Qh7 Qg4 25. Be5 Bxd5 26. cxd5 Bxe5 27. fxe5 Rxe5 28. Rf1+ Ke7 29. Qg8 Kd6 30. h3 Qg5 31. e4 Rxe4 32. Qb8+ Kxd5 33. Qa8+ Ke5 34. Qe8+ Kd5 35. Qxd7+ Ke5 36. Qe8+ Kd5 37. Qd7+ Ke5 38. Qe8+ Kd5 39. Qa8+ Ke5 40. Qb8+ Kd4 41. Qxa7 Qg6 42. Qd7+ Ke5 43. Rf8 Rd4 44. Re8+ Kf4 45. Qc7+ Rd6 46. Rd8 Ke5 47. a4 Kd5 48. Qxb6 Qb1+ 49. Kh2 Rxd8 50. Qxd8+ Kc6 51. Qe8+ Kc7 52. Qf7+ Kc6 53. Qe6+ Kc7 54. Qc4 Qf5 55. Kh1 Qe5 56. Qc1 Kb6 57. Qf1 Qc3 58. Qb5+ Kc7 59. a5 Qc1+ 60. Kh2 Qf4+ 61. Kg1 Qd4+ 62. Kf1 Qf4+ 63. Ke2 Qe4+ 64. Kd1 Qb1+ 65. Kd2 Qb2+ 66. Ke3 Qd4+ 67. Kf3 Qd1+ 68. Ke3 Qe1+ 69. Kf3 Qd1+ 70. Kf2 1/2-1/2

[Event "Oberliga Ost B"]
[Site "?"]
[Date "2023.02.05"]
[Round "7.4"]
[White "Riedel, Finn"]
[Black "Nazarenus, Moritz"]
[Result "1/2-1/2"]
[WhiteElo "2138"]
[BlackElo "2266"]
[PlyCount "114"]
[EventDate "2022.09.18"]
[EventType "team-tourn"]
[EventCountry "GER"]
[WhiteTeam "Weimar SV Vimaria"]
[BlackTeam "Schoeneck SF"]
[WhiteTeamCountry "GER"]
[BlackTeamCountry "GER"]

1. e4 c6 2. d4 d5 3. e5 Bf5 4. g4 Bd7 5. f4 h5 6. g5 g6 7. Bd3 Bg4 8. Qd2 e6 9. h3 Bf5 10. Bxf5 exf5 11. Nf3 Na6 12. e6 fxe6 13. Ne5 Ne7 14. O-O Bg7 15. Qe2 Qd6 16. b3 Bxe5 17. fxe5 Qd7 18. Ba3 Kf7 19. Nd2 Rac8 20. b4 Nc7 21. Nb3 Na8 22. Bb2 Nb6 23. a4 Nc4 24. Bc3 h4 25. Bd2 Nxd2 26. Qxd2 Rb8 27. Kh2 Nc8 28. Rf4 Qe7 29. Rg1 Nb6 30. Qe1 Nxa4 31. Rxh4 Kg7 32. Nc1 b6 33. Nd3 Rxh4 34. Qxh4 Rh8 35. Qf2 Nc3 36. Nf4 Kf7 37. Ra1 Ne4 38. Qg2 Rh4 39. Qf3 Qc7 40. Qe3 a5 41. c3 Qd8 42. bxa5 bxa5 43. Rb1 Qc7 44. Qd3 Qa7 45. Ng2 Rh8 46. Rb2 Rb8 47. Rxb8 Qxb8 48. Qa6 f4 49. Nxf4 Qb2+ 50. Ng2 Nxg5 51. Qxc6 Kg7 52. h4 Nf3+ 53. Kg3 Nd2 54. Qxe6 Nf1+ 55. Kf3 Nh2+ 56. Kg3 Nf1+ 57. Kf3 Nh2+ 1/2-1/2

[Event "Oberliga Ost B"]
[Site "?"]
[Date "2023.02.05"]
[Round "7.5"]
[White "Meyer, Kai Christian"]
[Black "Albrecht, Juergen"]
[Result "1-0"]
[WhiteElo "2191"]
[BlackElo "2114"]
[PlyCount "65"]
[EventDate "2022.09.18"]
[EventType "team-tourn"]
[EventCountry "GER"]
[WhiteTeam "Schoeneck SF"]
[BlackTeam "Weimar SV Vimaria"]
[WhiteTeamCountry "GER"]
[BlackTeamCountry "GER"]

1. c4 Nf6 2. g3 c6 3. Bg2 g6 4. b3 d5 5. Bb2 Bg7 6. Nf3 O-O 7. O-O b6 8. d3 Nbd7 9. Nbd2 Bb7 10. Rc1 Rc8 11. Rc2 c5 12. cxd5 Nxd5 13. Bxg7 Kxg7 14. Qa1+ Kg8 15. a3 N7f6 16. Rfc1 Nc7 17. Bh3 Ra8 18. b4 Na6 19. Qb2 cxb4 20. axb4 Nd5 21. b5 Nab4 22. Rc4 a5 23. Ne5 e6 24. Ne4 f5 25. Nd2 Rc8 26. Rxc8 Bxc8 27. Nc6 Nxc6 28. bxc6 Qd6 29. Bg2 Qc7 30. Bxd5 exd5 31. Nf3 f4 32. Qd4 Rf5 33. g4 1-0

[Event "Oberliga Ost B"]
[Site "?"]
[Date "2023.02.05"]
[Round "7.6"]
[White "Gulich, Christian"]
[Black "Kirchner, Markus"]
[Result "0-1"]
[WhiteElo "2003"]
[BlackElo "2141"]
[PlyCount "76"]
[EventDate "2022.09.18"]
[EventType "team-tourn"]
[EventCountry "GER"]
[WhiteTeam "Weimar SV Vimaria"]
[BlackTeam "Schoeneck SF"]
[WhiteTeamCountry "GER"]
[BlackTeamCountry "GER"]

1. e4 e6 2. d4 d5 3. Nc3 Nf6 4. Bg5 dxe4 5. Nxe4 Be7 6. Bxf6 gxf6 7. Nf3 f5 8. Nc3 a6 9. Ne5 Bf6 10. Qh5 Bxe5 11. dxe5 Qd4 12. Be2 Qxe5 13. O-O-O Nd7 14. Rhe1 Qf4+ 15. Kb1 Nf6 16. Qh3 Bd7 17. g3 Qg5 18. f4 Qg7 19. Bf3 O-O 20. Qg2 Rab8 21. h3 Bc6 22. Rg1 Bxf3 23. Qxf3 c6 24. Rd3 Rbd8 25. Rgd1 Rxd3 26. Rxd3 Re8 27. Qe3 Qh6 28. Qe5 Nd5 29. Nxd5 cxd5 30. h4 Qg7 31. Qd6 Qf8 32. Qb6 Rc8 33. Rb3 Qe7 34. a3 Rc7 35. Qd4 b5 36. Qb6 Qc5 37. Qxa6 Qxc2+ 38. Ka2 Qd1 0-1

[Event "Oberliga Ost B"]
[Site "?"]
[Date "2023.02.05"]
[Round "7.7"]
[White "Weiss, Matthias"]
[Black "Homberger, Jan"]
[Result "1-0"]
[WhiteElo "1980"]
[BlackElo "1860"]
[PlyCount "111"]
[EventDate "2022.09.18"]
[EventType "team-tourn"]
[EventCountry "GER"]
[WhiteTeam "Schoeneck SF"]
[BlackTeam "Weimar SV Vimaria"]
[WhiteTeamCountry "GER"]
[BlackTeamCountry "GER"]

1. e4 c5 2. Nf3 d6 3. c3 Nf6 4. Be2 g6 5. d4 cxd4 6. Qxd4 Nc6 7. Qd3 Bg7 8. O-O O-O 9. h3 d5 10. exd5 Bf5 11. Qd1 Qxd5 12. Be3 Rfd8 13. Qa4 Qe4 14. Qxe4 Nxe4 15. Nfd2 Nxd2 16. Nxd2 Bd3 17. Bxd3 Rxd3 18. Ne4 b6 19. Rfd1 Rad8 20. Rxd3 Rxd3 21. Kf1 f5 22. Ng3 e5 23. Ke2 Rd7 24. Bd2 Kf7 25. Rd1 Ke6 26. f3 Bf6 27. b3 b5 28. Nf1 f4 29. Be1 Rxd1 30. Kxd1 Ne7 31. Nd2 Nf5 32. Bf2 a5 33. Ke2 Be7 34. Kd3 Ba3 35. Ne4 h6 36. c4 bxc4+ 37. Kxc4 Ne3+ 38. Bxe3 fxe3 39. Kd3 Bc1 40. Nc3 Kd6 41. Nd1 Kc5 42. Nxe3 Kb4 43. Nc2+ Kc5 44. Ke4 Kd6 45. Ne1 Bd2 46. Nd3 Bc3 47. a3 Bd4 48. f4 Bc3 49. fxe5+ Ke7 50. Kd5 g5 51. b4 axb4 52. Nxb4 h5 53. Nc6+ Ke8 54. g4 hxg4 55. hxg4 Bd2 56. Ke6 1-0

[Event "Oberliga Ost B"]
[Site "?"]
[Date "2023.02.05"]
[Round "7.8"]
[White "Graef, Michael"]
[Black "Kleschtschow, Juri"]
[Result "0-1"]
[WhiteElo "1951"]
[BlackElo "2104"]
[PlyCount "184"]
[EventDate "2022.09.18"]
[EventType "team-tourn"]
[EventCountry "GER"]
[WhiteTeam "Weimar SV Vimaria"]
[BlackTeam "Schoeneck SF"]
[WhiteTeamCountry "GER"]
[BlackTeamCountry "GER"]

1. d4 Nf6 2. Nf3 b6 3. e3 Bb7 4. Bd3 e6 5. Nbd2 d5 6. Ne5 Nbd7 7. f4 a6 8. Qf3 c5 9. c3 Qc7 10. O-O Bd6 11. g4 Nf8 12. g5 Ng8 13. Qh5 g6 14. Qh3 O-O-O 15. Ndf3 Kb8 16. Bd2 Ka7 17. Qh4 h6 18. Ng4 Be7 19. Nfe5 Rh7 20. Qf2 h5 21. Nh6 Nxh6 22. gxh6 Bf6 23. a4 Rxh6 24. h4 Rh7 25. Nf3 Rg7 26. a5 b5 27. b4 c4 28. Be2 Nh7 29. Kh1 Rdg8 30. Rg1 Be7 31. Rg2 Nf6 32. Ng5 Ne8 33. Rag1 Nd6 34. Bf3 Kb8 35. Be1 Qd7 36. Bd1 f6 37. Nf3 Ne4 38. Qe2 Bd6 39. Bc2 Bc7 40. Bxe4 dxe4 41. Nd2 Qd5 42. Nf1 Bd6 43. Bg3 Kc8 44. Bh2 Kd8 45. Ng3 Bf8 46. Qc2 Ke8 47. Qe2 Kf7 48. Qf2 Bd6 49. Ne2 Be7 50. Ng3 Rh7 51. Ne2 Qf5 52. Rg3 Rhg7 53. Qg2 Qd5 54. Qf2 Bc8 55. R3g2 Ke8 56. Ng3 Bf8 57. Qc2 Bb7 58. Qf2 Be7 59. Qe2 Kf8 60. Qf2 Rh8 61. Qe2 f5 62. Nf1 Bxh4 63. Rxg6 Rxg6 64. Rxg6 Qd7 65. Rg1 Qf7 66. Bg3 Bf6 67. Be1 Bc6 68. Qg2 Be8 69. Qh3 Qe7 70. Nh2 Bf7 71. Rg2 Rg8 72. Rxg8+ Kxg8 73. Kg1 Qd8 74. Kf1 Kh7 75. Kg1 Kh6 76. Nf1 h4 77. Nh2 Bh5 78. Kf1 Bd1 79. Bf2 Kh5 80. Qg2 Qa8 81. Ke1 Bg4 82. Kf1 Qg8 83. Kg1 Qg6 84. Be1 Bd1 85. Qxg6+ Kxg6 86. Bf2 Kh5 87. Kf1 Bg4 88. Kg1 Be2 89. Be1 h3 90. Bg3 Bh4 91. Kf2 Bd3 92. Nf1 Bxf1 0-1

[Event "Oberliga Ost B"]
[Site "?"]
[Date "2023.02.25"]
[Round "8.1"]
[White "Philipp, Mathias"]
[Black "Petrovskyi, Vadym"]
[Result "1/2-1/2"]
[WhiteElo "2172"]
[BlackElo "2416"]
[PlyCount "67"]
[EventDate "2022.09.18"]
[EventType "team-tourn"]
[EventCountry "GER"]
[WhiteTeam "Weimar SV Vimaria"]
[BlackTeam "Emstal Bad Wolfhagen SF"]
[WhiteTeamCountry "GER"]
[BlackTeamCountry "GER"]

1. d4 Nf6 2. c4 e6 3. Nf3 d5 4. g3 Be7 5. Bg2 O-O 6. O-O b6 7. cxd5 exd5 8. Nc3 Bb7 9. Bf4 Re8 10. Rc1 Na6 11. Qa4 h6 12. Ne5 Bf8 13. Bf3 c5 14. Rfd1 cxd4 15. Nb5 g5 16. Nc6 Bxc6 17. Rxc6 Nc5 18. Qxd4 Ne6 19. Rxe6 Rxe6 20. Be5 Bc5 21. Bxf6 Rxf6 22. Qxd5 Qxd5 23. Rxd5 Re8 24. Nxa7 Rxf3 25. exf3 Re2 26. Nc6 Rxb2 27. a4 Bxf2+ 28. Kf1 Kg7 29. a5 bxa5 30. Rxa5 Bb6 31. Rf5 Rxh2 32. Ne5 Rf2+ 33. Ke1 f6 34. Ng4 1/2-1/2

[Event "Oberliga Ost B"]
[Site "?"]
[Date "2023.02.25"]
[Round "8.2"]
[White "Prokofiev, Valentyn"]
[Black "Aepfler, Christian"]
[Result "1-0"]
[WhiteElo "2299"]
[BlackElo "2144"]
[PlyCount "99"]
[EventDate "2022.09.18"]
[EventType "team-tourn"]
[EventCountry "GER"]
[WhiteTeam "Emstal Bad Wolfhagen SF"]
[BlackTeam "Weimar SV Vimaria"]
[WhiteTeamCountry "GER"]
[BlackTeamCountry "GER"]

1. c4 e6 2. Nf3 d5 3. d4 Nf6 4. e3 Be7 5. b3 O-O 6. Bd3 Ne4 7. O-O Nd7 8. Bb2 f5 9. Nc3 c6 10. Ne2 Rf6 11. Ne5 Rh6 12. f3 Nxe5 13. dxe5 Bc5 14. Bd4 Bxd4 15. Nxd4 Nc5 16. cxd5 exd5 17. Bxf5 Qh4 18. h3 Qh5 19. Bxc8 Rxc8 20. Rc1 Qxe5 21. Rxc5 Qxe3+ 22. Kh1 Rf8 23. Rc2 Rh4 24. Ne2 d4 25. Rd2 c5 26. b4 cxb4 27. Qb3+ Qxb3 28. axb3 Rd8 29. Rfd1 a5 30. Nxd4 Rh5 31. Ne6 Rxd2 32. Rxd2 Re5 33. Rd8+ Kf7 34. Nd4 Re1+ 35. Kh2 Rd1 36. Rd7+ Kf6 37. g4 g5 38. Rd5 Kg6 39. Rd6+ Kf7 40. Rd7+ Kf6 41. Rd5 Kg6 42. Rd6+ Kf7 43. Nf5 Rxd6 44. Nxd6+ Ke7 45. Nxb7 a4 46. Na5 axb3 47. Nxb3 Kd6 48. h4 Ke5 49. hxg5 Kf4 50. Kg2 1-0

[Event "Oberliga Ost B"]
[Site "?"]
[Date "2023.02.25"]
[Round "8.3"]
[White "Mysliwiec, Joerg"]
[Black "Kersten, Uwe"]
[Result "1/2-1/2"]
[WhiteElo "2106"]
[BlackElo "2239"]
[PlyCount "88"]
[EventDate "2022.09.18"]
[EventType "team-tourn"]
[EventCountry "GER"]
[WhiteTeam "Weimar SV Vimaria"]
[BlackTeam "Emstal Bad Wolfhagen SF"]
[WhiteTeamCountry "GER"]
[BlackTeamCountry "GER"]

1. b3 c5 2. Bb2 b6 3. Nf3 Bb7 4. e3 e6 5. Be2 Nf6 6. O-O Be7 7. c4 O-O 8. Nc3 Nc6 9. d4 cxd4 10. Nxd4 Qb8 11. Rc1 Rd8 12. Bf3 Ne5 13. Bxb7 Qxb7 14. Qe2 Rac8 15. Rfd1 a6 16. h3 Nc6 17. Nf3 Na7 18. e4 d6 19. Nd4 b5 20. cxb5 axb5 21. b4 Rb8 22. a3 Rdc8 23. Kh1 g6 24. e5 dxe5 25. Qxe5 Qc7 26. Qe3 Qb6 27. Qf3 Rc4 28. Ncxb5 Rxc1 29. Rxc1 Nxb5 30. Nxb5 Qxb5 31. Bxf6 Bxf6 32. Qxf6 Qa4 33. Qf3 Rf8 34. g3 h5 35. Rc5 Qa7 36. Qc3 Rd8 37. Kg2 Qb7+ 38. Qf3 Qa7 39. Ra5 Qb8 40. Qc6 Rc8 41. Rb5 Rxc6 42. Rxb8+ Kg7 43. a4 Rc2 44. a5 Ra2 1/2-1/2

[Event "Oberliga Ost B"]
[Site "?"]
[Date "2023.02.25"]
[Round "8.4"]
[White "Dovzik, Juri"]
[Black "Bock, Marlon"]
[Result "1-0"]
[WhiteElo "2258"]
[BlackElo "1908"]
[PlyCount "81"]
[EventDate "2022.09.18"]
[EventType "team-tourn"]
[EventCountry "GER"]
[WhiteTeam "Emstal Bad Wolfhagen SF"]
[BlackTeam "Weimar SV Vimaria"]
[WhiteTeamCountry "GER"]
[BlackTeamCountry "GER"]

1. c4 e5 2. Nc3 Nf6 3. Nf3 Nc6 4. a3 a5 5. e3 Be7 6. d4 exd4 7. exd4 d5 8. h3 O-O 9. Be3 h6 10. Bd3 Be6 11. c5 Re8 12. O-O Bf8 13. Re1 Ne7 14. Qc2 Qc8 15. Bf4 Rd8 16. Nb5 Ne8 17. Re2 b6 18. cxb6 cxb6 19. Nc7 Nxc7 20. Bxc7 Rd7 21. Bxb6 Qb7 22. Bc5 Rc7 23. Rc1 Rac8 24. Qa4 Nc6 25. Rec2 Bd7 26. Bxf8 Kxf8 27. Bb5 Qb6 28. Rc3 Be8 29. Bxc6 Rxc6 30. Rxc6 Bxc6 31. Qc2 Bd7 32. Qd2 Rb8 33. Rc5 Qb3 34. Rxa5 Bxh3 35. Qf4 Be6 36. Ra7 Qxb2 37. Ne5 Qb1+ 38. Kh2 Kg8 39. Nxf7 Rf8 40. Nxh6+ gxh6 41. Qg3+ 1-0

[Event "Oberliga Ost B"]
[Site "?"]
[Date "2023.02.25"]
[Round "8.5"]
[White "Philipp, Michael"]
[Black "Cherny, Andrey"]
[Result "0-1"]
[WhiteElo "2186"]
[BlackElo "2176"]
[PlyCount "96"]
[EventDate "2022.09.18"]
[EventType "team-tourn"]
[EventCountry "GER"]
[WhiteTeam "Weimar SV Vimaria"]
[BlackTeam "Emstal Bad Wolfhagen SF"]
[WhiteTeamCountry "GER"]
[BlackTeamCountry "GER"]

1. e4 c6 2. d4 d5 3. e5 c5 4. c3 Nc6 5. dxc5 Nxe5 6. Bf4 Ng6 7. Nf3 Bd7 8. Bg3 e6 9. b4 b6 10. Ba6 bxc5 11. Bb7 Rb8 12. Bxb8 Qxb8 13. Ba6 cxb4 14. O-O Qb6 15. Bd3 Nf6 16. cxb4 Bxb4 17. a3 Bd6 18. Nc3 Qa5 19. Bxg6 hxg6 20. Qb3 g5 21. g3 g4 22. Nd4 Ne4 23. Nxe4 dxe4 24. Qe3 Qe5 25. Nb3 Rh6 26. Rfe1 f5 27. Qxa7 f4 28. Qa5 Qb2 29. Rab1 Qa2 30. Qa8+ Ke7 31. Qxe4 fxg3 32. hxg3 Bxg3 33. Rf1 Bh2+ 34. Kg2 Bd6 35. Nd4 Rf6 36. Qxg4 Qd5+ 37. f3 Kf7 38. Kf2 Bc5 39. Rfd1 e5 40. Qh5+ Ke7 41. Rb4 Rf5 42. Qh4+ Kf7 43. Ke2 Bxd4 44. Qe4 Bb5+ 45. Kd2 Qa2+ 46. Qc2 Be3+ 47. Kc3 Bd4+ 48. Kd2 Bc3+ 0-1

[Event "Oberliga Ost B"]
[Site "?"]
[Date "2023.02.25"]
[Round "8.6"]
[White "Borsos, Bogdan"]
[Black "Riedel, Finn"]
[Result "1/2-1/2"]
[WhiteElo "2156"]
[BlackElo "2138"]
[PlyCount "52"]
[EventDate "2022.09.18"]
[EventType "team-tourn"]
[EventCountry "GER"]
[WhiteTeam "Emstal Bad Wolfhagen SF"]
[BlackTeam "Weimar SV Vimaria"]
[WhiteTeamCountry "GER"]
[BlackTeamCountry "GER"]

1. e4 d6 2. d4 Nf6 3. Nc3 g6 4. Nf3 Bg7 5. Be3 O-O 6. Qd2 Ng4 7. Bf4 e5 8. dxe5 Nxe5 9. Bh6 Bg4 10. Bxg7 Kxg7 11. Nd4 Qh4 12. Be2 Bxe2 13. Qxe2 Nbc6 14. Nxc6 bxc6 15. O-O Rae8 16. f4 Ng4 17. h3 Nf6 18. Rae1 Re7 19. Qf2 Qxf2+ 20. Kxf2 Rfe8 21. Kf3 Nd5 22. Re2 Nxc3 23. bxc3 Rb8 24. g4 f6 25. h4 h6 26. Rfe1 Rb2 1/2-1/2

[Event "Oberliga Ost B"]
[Site "?"]
[Date "2023.02.25"]
[Round "8.7"]
[White "Albrecht, Juergen"]
[Black "Ramlow, Marcus"]
[Result "1/2-1/2"]
[WhiteElo "2114"]
[BlackElo "2091"]
[PlyCount "38"]
[EventDate "2022.09.18"]
[EventType "team-tourn"]
[EventCountry "GER"]
[WhiteTeam "Weimar SV Vimaria"]
[BlackTeam "Emstal Bad Wolfhagen SF"]
[WhiteTeamCountry "GER"]
[BlackTeamCountry "GER"]

1. e4 e5 2. Nf3 Nc6 3. Bb5 a6 4. Ba4 Nf6 5. d4 exd4 6. O-O Nxe4 7. Re1 d5 8. c4 Bb4 9. cxd5 Bxe1 10. Qxe1 O-O 11. Qxe4 Re8 12. Qf4 Qxd5 13. Nbd2 Qh5 14. h3 Be6 15. Nf1 Bd5 16. Ng3 Qg6 17. Bd2 b5 18. Bb3 Bxf3 19. Qxf3 Ne5 1/2-1/2

[Event "Oberliga Ost B"]
[Site "?"]
[Date "2023.02.25"]
[Round "8.8"]
[White "Reshetar, Alexander"]
[Black "Gulich, Christian"]
[Result "1/2-1/2"]
[WhiteElo "1977"]
[BlackElo "2003"]
[PlyCount "88"]
[EventDate "2022.09.18"]
[EventType "team-tourn"]
[EventCountry "GER"]
[WhiteTeam "Emstal Bad Wolfhagen SF"]
[BlackTeam "Weimar SV Vimaria"]
[WhiteTeamCountry "GER"]
[BlackTeamCountry "GER"]

1. e4 c5 2. c3 d5 3. exd5 Qxd5 4. Nf3 Nc6 5. Na3 Bg4 6. Be2 Nf6 7. O-O e6 8. h3 Bh5 9. d4 cxd4 10. Nb5 Rc8 11. Nfxd4 Bxe2 12. Qxe2 Nxd4 13. Nxd4 Be7 14. Rd1 a6 15. Bf4 O-O 16. Be5 Qe4 17. Bxf6 Qxe2 18. Nxe2 Bxf6 19. Rd7 Rb8 20. Rad1 Rfd8 21. Ng3 Kf8 22. Ne4 Rxd7 23. Rxd7 Be7 24. Kf1 Ke8 25. Rc7 Kd8 26. Rc4 Rc8 27. Rd4+ Kc7 28. Ke2 b5 29. f4 h6 30. g4 f5 31. Nd2 Re8 32. Nf3 Bc5 33. Rd1 Rf8 34. g5 hxg5 35. Nxg5 Re8 36. Kf3 Kc6 37. Nf7 Be7 38. Ne5+ Kc5 39. Rd7 Bf6 40. Nd3+ Kc6 41. Ra7 Kb6 42. Rd7 Kc6 43. Ra7 Kb6 44. Rd7 Kc6 1/2-1/2

[Event "Oberliga Ost B"]
[Site "?"]
[Date "2023.02.25"]
[Round "8.1"]
[White "Siebarth, Raiko"]
[Black "Teske, Henrik"]
[Result "1/2-1/2"]
[WhiteElo "2319"]
[BlackElo "2465"]
[PlyCount "42"]
[EventDate "2022.09.18"]
[EventType "team-tourn"]
[EventCountry "GER"]
[WhiteTeam "Stadtilm SG BW"]
[BlackTeam "Erfurt SV Empor"]
[WhiteTeamCountry "GER"]
[BlackTeamCountry "GER"]

1. d4 d5 2. Bf4 c5 3. e3 Nc6 4. c3 Nf6 5. Nd2 Qb6 6. Qb3 c4 7. Qc2 g6 8. e4 Nxe4 9. Nxe4 dxe4 10. Bxc4 Bg7 11. Ne2 O-O 12. O-O e5 13. dxe5 Nxe5 14. Bd5 Bf5 15. Bxe4 Bxe4 16. Qxe4 Rfe8 17. Qc2 Nc4 18. b3 Na3 19. Qb2 Nc4 20. Qc2 Na3 21. Qb2 Nc4 1/2-1/2

[Event "Oberliga Ost B"]
[Site "?"]
[Date "2023.02.25"]
[Round "8.2"]
[White "Langheinrich, Ferenc"]
[Black "Mueller, Magnus"]
[Result "1-0"]
[WhiteElo "2381"]
[BlackElo "2140"]
[PlyCount "79"]
[EventDate "2022.09.18"]
[EventType "team-tourn"]
[EventCountry "GER"]
[WhiteTeam "Erfurt SV Empor"]
[BlackTeam "Stadtilm SG BW"]
[WhiteTeamCountry "GER"]
[BlackTeamCountry "GER"]

1. e4 c5 2. Nf3 Nc6 3. d4 cxd4 4. Nxd4 Nf6 5. Nc3 e5 6. Ndb5 d6 7. Nd5 Nxd5 8. exd5 Ne7 9. c4 Ng6 10. g3 a6 11. Nc3 Be7 12. h4 f5 13. h5 Nf8 14. c5 dxc5 15. a4 Bd6 16. Bh3 Nd7 17. Bxf5 Nf6 18. Bxc8 Qxc8 19. Bg5 Qf5 20. Bxf6 Qxf6 21. Ne4 Qe7 22. Qg4 O-O 23. Qe6+ Qxe6 24. dxe6 Be7 25. Ke2 Rfd8 26. Rhd1 Kf8 27. Rac1 b6 28. f4 exf4 29. gxf4 Rxd1 30. Rxd1 b5 31. f5 h6 32. axb5 axb5 33. Rd7 Rb8 34. b3 Ke8 35. Nc3 Bf6 36. Nd5 Be5 37. Kf3 c4 38. Ke4 Ba1 39. Nc7+ Kf8 40. e7+ 1-0

[Event "Oberliga Ost B"]
[Site "?"]
[Date "2023.02.25"]
[Round "8.3"]
[White "Schneider, Christian"]
[Black "Reucker, Friedrich"]
[Result "1-0"]
[WhiteElo "2231"]
[BlackElo "1973"]
[PlyCount "55"]
[EventDate "2022.09.18"]
[EventType "team-tourn"]
[EventCountry "GER"]
[WhiteTeam "Stadtilm SG BW"]
[BlackTeam "Erfurt SV Empor"]
[WhiteTeamCountry "GER"]
[BlackTeamCountry "GER"]

1. c4 e6 2. Nf3 d5 3. b3 Nf6 4. Bb2 Nbd7 5. e3 Bd6 6. Be2 O-O 7. O-O b6 8. Nc3 a6 9. Rc1 Bb7 10. Qc2 Qe7 11. cxd5 exd5 12. Nd4 g6 13. Nf3 c5 14. d4 Rac8 15. dxc5 bxc5 16. Na4 Rfe8 17. Rfe1 d4 18. Bf1 Bxf3 19. gxf3 Qe5 20. f4 Qh5 21. Qd1 Qh4 22. Qf3 dxe3 23. fxe3 Ng4 24. Qg3 Qxg3+ 25. hxg3 Ndf6 26. Bh3 Rc7 27. e4 Rxe4 28. Rxe4 1-0

[Event "Oberliga Ost B"]
[Site "?"]
[Date "2023.02.25"]
[Round "8.4"]
[White "Michalowski, Peter"]
[Black "Siebarth, Marco"]
[Result "0-1"]
[WhiteElo "2087"]
[BlackElo "2072"]
[PlyCount "70"]
[EventDate "2022.09.18"]
[EventType "team-tourn"]
[EventCountry "GER"]
[WhiteTeam "Erfurt SV Empor"]
[BlackTeam "Stadtilm SG BW"]
[WhiteTeamCountry "GER"]
[BlackTeamCountry "GER"]

1. e4 c5 2. Nf3 e6 3. d4 cxd4 4. Nxd4 Nc6 5. Nc3 Qc7 6. g3 a6 7. Bg2 Nf6 8. O-O Be7 9. Nb3 O-O 10. f4 d6 11. g4 Nd7 12. g5 b5 13. a3 Nb6 14. f5 Rd8 15. f6 Bf8 16. Rf3 g6 17. h4 Ne5 18. Rf2 Bb7 19. Na5 d5 20. Nxb7 Qxb7 21. Rf1 d4 22. Nb1 Rac8 23. Bf4 d3 24. Bxe5 dxc2 25. Qc1 cxb1=Q 26. Qxb1 Nc4 27. Bc3 Nd2 28. Bxd2 Rxd2 29. Rd1 Qb6+ 30. Kh1 Qf2 31. Rxd2 Qxd2 32. b4 Qf4 33. Qe1 Bd6 34. Kg1 Qh2+ 35. Kf1 Rc2 0-1

[Event "Oberliga Ost B"]
[Site "?"]
[Date "2023.02.25"]
[Round "8.5"]
[White "Mehlhorn, Uwe"]
[Black "Heinke, Jasper"]
[Result "1-0"]
[WhiteElo "2021"]
[BlackElo "2029"]
[PlyCount "125"]
[EventDate "2022.09.18"]
[EventType "team-tourn"]
[EventCountry "GER"]
[WhiteTeam "Stadtilm SG BW"]
[BlackTeam "Erfurt SV Empor"]
[WhiteTeamCountry "GER"]
[BlackTeamCountry "GER"]

1. d4 Nf6 2. Nf3 e6 3. Bf4 c5 4. c3 b6 5. e3 cxd4 6. exd4 Be7 7. Nbd2 O-O 8. h3 Ba6 9. Bxa6 Nxa6 10. O-O d6 11. Qe2 Nc7 12. a4 Qd7 13. Rfc1 Ncd5 14. Bh2 h6 15. Ne1 a6 16. Nb3 b5 17. a5 Rfc8 18. Nd3 Rc6 19. Nd2 Rac8 20. Re1 Qb7 21. Kh1 Nd7 22. Qg4 N7f6 23. Qf3 Nh7 24. Qg3 Nhf6 25. f4 Bf8 26. Qf3 b4 27. c4 Ne7 28. b3 Nf5 29. Bg1 Nh5 30. Bf2 Nf6 31. Ra4 d5 32. c5 Qb5 33. Nxb4 R6c7 34. Nd3 Ne4 35. Nxe4 dxe4 36. Qxe4 Qxb3 37. Raa1 Rd7 38. Kh2 Rb8 39. Ne5 Rxd4 40. Bxd4 Qg3+ 41. Kh1 Rb4 42. Nc6 Qh4 43. Qf3 Nxd4 44. Nxd4 Rxd4 45. Re4 Rxe4 46. Qxe4 Bxc5 47. Rc1 Qf2 48. Qc4 Be3 49. Rf1 Qg3 50. Qxa6 g5 51. Qc8+ Kh7 52. Qc2+ Kg8 53. Qc3 gxf4 54. a6 Qg5 55. Qa3 Qb5 56. Rd1 Qe2 57. Qd3 Qf2 58. Rf1 Qg3 59. Qe2 Kf8 60. Qg4 e5 61. Qxg3 fxg3 62. Re1 Bd4 63. Rxe5 1-0

[Event "Oberliga Ost B"]
[Site "?"]
[Date "2023.02.25"]
[Round "8.6"]
[White "Rempel, Patrick"]
[Black "Neubauer, Andreas"]
[Result "1/2-1/2"]
[WhiteElo "2028"]
[BlackElo "2159"]
[PlyCount "51"]
[EventDate "2022.09.18"]
[EventType "team-tourn"]
[EventCountry "GER"]
[WhiteTeam "Erfurt SV Empor"]
[BlackTeam "Stadtilm SG BW"]
[WhiteTeamCountry "GER"]
[BlackTeamCountry "GER"]

1. d4 Nf6 2. c4 e6 3. g3 d5 4. Nf3 Be7 5. Bg2 O-O 6. O-O dxc4 7. Ne5 Nbd7 8. Nxc4 a6 9. Qc2 Rb8 10. Rd1 b6 11. Ne5 Bb7 12. Bxb7 Rxb7 13. Nc6 Qe8 14. e4 Nb8 15. Nxe7+ Qxe7 16. Nc3 c5 17. dxc5 Qxc5 18. Qe2 Rd7 19. Bf4 b5 20. Rxd7 Nbxd7 21. Rd1 Ne5 22. Rc1 Qd4 23. Rd1 Qc5 24. Rc1 Qd4 25. Rd1 Qc5 26. Rc1 1/2-1/2

[Event "Oberliga Ost B"]
[Site "?"]
[Date "2023.02.25"]
[Round "8.7"]
[White "Schmidt, Daniel"]
[Black "Nicolai, Tim"]
[Result "1-0"]
[WhiteElo "1928"]
[BlackElo "2039"]
[PlyCount "59"]
[EventDate "2022.09.18"]
[EventType "team-tourn"]
[EventCountry "GER"]
[WhiteTeam "Stadtilm SG BW"]
[BlackTeam "Erfurt SV Empor"]
[WhiteTeamCountry "GER"]
[BlackTeamCountry "GER"]

1. d4 Nf6 2. Nc3 d5 3. Bf4 Nh5 4. Be5 f6 5. e4 g6 6. g4 fxe5 7. gxh5 dxe4 8. d5 Bf5 9. Bg2 e6 10. Nxe4 Qh4 11. Qd3 Nd7 12. Qc4 Be7 13. d6 Nb6 14. Qb4 Bxe4 15. dxe7 Qxh5 16. Bxe4 Nd5 17. Bxd5 exd5 18. Qxb7 Kxe7 19. Qxc7+ Ke6 20. Qc6+ Ke7 21. Qxd5 Rad8 22. Qc5+ Ke6 23. Ne2 Rc8 24. Qe3 Rhf8 25. O-O-O Rc4 26. b3 Rf3 27. Qd2 Rh4 28. Ng3 Qg4 29. h3 Qb4 30. Qd5+ 1-0

[Event "Oberliga Ost B"]
[Site "?"]
[Date "2023.02.25"]
[Round "8.1"]
[White "Baum, Bernd"]
[Black "Hebbering, Tom Elliot"]
[Result "0-1"]
[WhiteElo "2279"]
[BlackElo "2215"]
[PlyCount "58"]
[EventDate "2022.09.18"]
[EventType "team-tourn"]
[EventCountry "GER"]
[WhiteTeam "Marburg SK"]
[BlackTeam "Gernsheim SK"]
[WhiteTeamCountry "GER"]
[BlackTeamCountry "GER"]

1. c4 e5 2. e3 Nf6 3. Nc3 d5 4. cxd5 Nxd5 5. Nf3 Nxc3 6. bxc3 Bd6 7. d4 Nd7 8. Bd3 O-O 9. Qc2 h6 10. O-O Re8 11. Bb2 Qe7 12. e4 Ba3 13. Bxa3 Qxa3 14. Rab1 c6 15. Rfe1 exd4 16. cxd4 Nb6 17. Re3 Qa4 18. Qe2 Bg4 19. d5 Bxf3 20. gxf3 Qd4 21. Rd1 Qf6 22. Bc2 cxd5 23. exd5 Red8 24. Bb3 Nxd5 25. Re5 Nf4 26. Rxd8+ Rxd8 27. Qe4 g6 28. h3 Nxh3+ 29. Kh2 Ng5 0-1